[Event "WCO2014"]
[Site "Tromso"]
[Date "2014.08.12"]
[Round "10.22"]
[WhiteID "14100908"]
[White "Nekrasova Elena"]
[BlackID "6502911"]
[Black "Rodriguez Arrieta Maria Elena"]
[Result "1-0"]
[LiveChessVersion "1.4.3"]
[BlackElo "1920"]
[WhiteElo "2076"]

1. e4 {[%clk 1:30:57]} e5 {[%clk 1:30:52]} 2. Nf3 {[%clk 1:31:20]} Nc6
{[%clk 1:31:18]} 3. Bb5 {[%clk 1:31:43]} a6 {[%clk 1:31:44]} 4. Ba4
{[%clk 1:32:08]} Nf6 {[%clk 1:32:10]} 5. O-O {[%clk 1:32:29]} Be7
{[%clk 1:32:33]} 6. d3 {[%clk 1:32:30]} b5 {[%clk 1:32:32]} 7. Bb3
{[%clk 1:32:54]} d6 {[%clk 1:32:58]} 8. c3 {[%clk 1:33:14]} O-O {[%clk 1:32:16]}
9. Re1 {[%clk 1:33:25]} Na5 {[%clk 1:26:53]} 10. Bc2 {[%clk 1:33:46]} c5
{[%clk 1:27:20]} 11. Nbd2 {[%clk 1:34:06]} Qc7 {[%clk 1:24:36]} 12. Nf1
{[%clk 1:33:45]} Re8 {[%clk 1:23:51]} 13. Bg5 {[%clk 1:31:27]} c4
{[%clk 1:11:41]} 14. d4 {[%clk 1:25:28]} Ng4 {[%clk 1:06:05]} 15. Bxe7
{[%clk 1:20:11]} Qxe7 {[%clk 1:06:30]} 16. h3 {[%clk 1:10:31]} Nf6
{[%clk 1:06:53]} 17. Ne3 {[%clk 1:07:34]} g6 {[%clk 1:03:46]} 18. Qd2
{[%clk 0:59:42]} Bb7 {[%clk 0:55:37]} 19. d5 {[%clk 0:59:00]} Bc8
{[%clk 0:55:03]} 20. b3 {[%clk 0:39:40]} cxb3 {[%clk 0:49:49]} 21. axb3
{[%clk 0:40:07]} Qc7 {[%clk 0:50:13]} 22. c4 {[%clk 0:37:07]} Nb7
{[%clk 0:38:35]} 23. cxb5 {[%clk 0:36:12]} Qb6 {[%clk 0:33:14]} 24. bxa6
{[%clk 0:32:22]} Rxa6 {[%clk 0:33:37]} 25. Nc4 {[%clk 0:31:59]} Qa7
{[%clk 0:33:21]} 26. Qc3 {[%clk 0:31:30]} Rd8 {[%clk 0:20:56]} 27. b4
{[%clk 0:28:10]} Bd7 {[%clk 0:18:18]} 28. Rxa6 {[%clk 0:27:27]} Qxa6
{[%clk 0:18:44]} 29. Ra1 {[%clk 0:27:47]} Qb5 {[%clk 0:18:35]} 30. Nfd2
{[%clk 0:23:58]} Rc8 {[%clk 0:04:41]} 31. Ba4 {[%clk 0:22:46]} Qxa4
{[%clk 0:05:06]} 32. Rxa4 {[%clk 0:23:05]} Bxa4 {[%clk 0:05:33]} 33. Qa3
{[%clk 0:23:02]} Bb5 {[%clk 0:05:40]} 34. Qa7 {[%clk 0:21:37]} 1-0

[Event "WCO2014"]
[Site "Tromso"]
[Date "2014.08.12"]
[Round "10.23"]
[WhiteID "6502938"]
[White "Acevedo Mendez Lisseth"]
[BlackID "5300800"]
[Black "Jalloul Maya M."]
[Result "1-0"]
[LiveChessVersion "1.4.3"]
[BlackElo "1922"]
[WhiteElo "1846"]

1. e4 {[%clk 1:30:57]} c5 {[%clk 1:30:57]} 2. Nf3 {[%clk 1:31:21]} a6
{[%clk 1:31:14]} 3. b3 {[%clk 1:31:35]} Nc6 {[%clk 1:27:01]} 4. Bb2
{[%clk 1:32:00]} d6 {[%clk 1:25:51]} 5. d3 {[%clk 1:29:09]} e6 {[%clk 1:23:26]}
6. Nbd2 {[%clk 1:24:25]} Nf6 {[%clk 1:22:04]} 7. g3 {[%clk 1:24:09]} Be7
{[%clk 1:20:51]} 8. Bg2 {[%clk 1:24:35]} Qc7 {[%clk 1:19:17]} 9. O-O
{[%clk 1:23:55]} O-O {[%clk 1:18:09]} 10. c3 {[%clk 1:21:33]} d5 {[%clk 1:13:25]}
11. Qe2 {[%clk 1:18:36]} dxe4 {[%clk 1:06:04]} 12. dxe4 {[%clk 1:18:35]} b5
{[%clk 1:04:17]} 13. e5 {[%clk 1:13:41]} Nd5 {[%clk 1:01:11]} 14. c4
{[%clk 1:14:01]} Nb6 {[%clk 0:58:45]} 15. Qe4 {[%clk 1:08:11]} Bb7
{[%clk 0:55:45]} 16. Qg4 {[%clk 1:08:03]} Nd7 {[%clk 0:52:50]} 17. Rfe1
{[%clk 1:05:32]} Nb4 {[%clk 0:49:52]} 18. Ne4 {[%clk 0:57:07]} Bxe4
{[%clk 0:41:12]} 19. Qxe4 {[%clk 0:57:30]} Rad8 {[%clk 0:39:23]} 20. a3
{[%clk 0:55:53]} Nc6 {[%clk 0:38:27]} 21. Rad1 {[%clk 0:53:16]} Kh8
{[%clk 0:35:08]} 22. h4 {[%clk 0:50:45]} f5 {[%clk 0:16:54]} 23. exf6
{[%clk 0:48:45]} Bxf6 {[%clk 0:17:00]} 24. Bxf6 {[%clk 0:48:32]} Nxf6
{[%clk 0:16:59]} 25. Qxe6 {[%clk 0:46:20]} Rde8 {[%clk 0:14:55]} 26. Qf5
{[%clk 0:42:54]} Ne7 {[%clk 0:15:06]} 27. Qc2 {[%clk 0:41:31]} Ng6
{[%clk 0:08:43]} 28. Ng5 {[%clk 0:37:03]} Ne5 {[%clk 0:05:38]} 29. Bd5
{[%clk 0:31:58]} h6 {[%clk 0:04:56]} 30. Nf3 {[%clk 0:21:20]} Nxd5
{[%clk 0:04:12]} 31. Nxe5 {[%clk 0:21:46]} Rxe5 {[%clk 0:03:22]} 32. Rxe5
{[%clk 0:21:31]} Qxe5 {[%clk 0:03:51]} 33. cxd5 {[%clk 0:21:55]} Qd6
{[%clk 0:03:44]} 34. Qe4 {[%clk 0:21:28]} Qf6 {[%clk 0:02:44]} 35. Qe3
{[%clk 0:20:35]} Qd6 {[%clk 0:02:46]} 36. Qe6 {[%clk 0:19:34]} Rd8
{[%clk 0:02:55]} 37. Qe4 {[%clk 0:18:03]} Rf8 {[%clk 0:03:03]} 38. f4
{[%clk 0:17:50]} Qd7 {[%clk 0:02:33]} 39. Qe6 {[%clk 0:17:26]} Rd8
{[%clk 0:01:02]} 40. f5 {[%clk 0:15:49]} Qd6 {[%clk 0:00:43]} 41. Kf2
{[%clk 0:15:05]} Qd7 {[%clk 0:27:51]} 42. Qxd7 {[%clk 0:43:14]} Rxd7
{[%clk 0:28:19]} 43. Kf3 {[%clk 0:43:40]} Kg8 {[%clk 0:27:46]} 44. Kf4
{[%clk 0:43:59]} Kf7 {[%clk 0:25:53]} 45. Ke5 {[%clk 0:44:14]} Re7+
{[%clk 0:24:38]} 46. Kd6 {[%clk 0:44:09]} Re3 {[%clk 0:23:20]} 47. Kc7
{[%clk 0:43:02]} Re7+ {[%clk 0:23:18]} 48. Kc6 {[%clk 0:43:29]} Ke8
{[%clk 0:22:48]} 49. d6 {[%clk 0:43:32]} Rf7 {[%clk 0:22:54]} 50. Kxc5
{[%clk 0:40:49]} Rxf5+ {[%clk 0:22:57]} 51. Kb6 {[%clk 0:41:16]} Kd7
{[%clk 0:22:51]} 52. Rd3 {[%clk 0:40:49]} b4 {[%clk 0:21:09]} 53. axb4
{[%clk 0:40:41]} Rb5+ {[%clk 0:21:37]} 54. Kxa6 {[%clk 0:41:06]} Rxb4
{[%clk 0:22:02]} 55. Ka5 {[%clk 0:41:32]} Rb8 {[%clk 0:22:20]} 56. b4
{[%clk 0:41:47]} Ra8+ {[%clk 0:21:41]} 57. Kb5 {[%clk 0:40:08]} Rb8+
{[%clk 0:22:00]} 58. Kc4 {[%clk 0:40:34]} Rc8+ {[%clk 0:22:16]} 59. Kb3
{[%clk 0:39:20]} Rb8 {[%clk 0:22:38]} 60. Rd4 {[%clk 0:39:45]} Rf8
{[%clk 0:18:52]} 61. Rf4 {[%clk 0:38:52]} Re8 {[%clk 0:17:46]} 62. Rf7+
{[%clk 0:38:30]} Kxd6 {[%clk 0:18:07]} 63. Rxg7 {[%clk 0:38:58]} Kd5
{[%clk 0:16:40]} 64. g4 {[%clk 0:34:05]} Re3+ {[%clk 0:16:11]} 65. Ka4
{[%clk 0:34:31]} Re8 {[%clk 0:16:31]} 66. g5 {[%clk 0:34:14]} hxg5
{[%clk 0:15:31]} 67. Rxg5+ {[%clk 0:34:37]} Kc4 {[%clk 0:15:18]} 68. Rg4+
{[%clk 0:33:00]} Kd5 {[%clk 0:15:24]} 69. h5 {[%clk 0:31:16]} Rh8
{[%clk 0:15:13]} 70. Rh4 {[%clk 0:31:23]} Kc6 {[%clk 0:15:14]} 71. h6
{[%clk 0:31:35]} Ra8+ {[%clk 0:14:30]} 72. Kb3 {[%clk 0:32:01]} Rh8
{[%clk 0:14:52]} 73. Rh5 {[%clk 0:32:25]} Kb6 {[%clk 0:15:04]} 74. h7
{[%clk 0:32:37]} Kb7 {[%clk 0:15:01]} 75. Rh6 {[%clk 0:32:50]} Kb8
{[%clk 0:14:44]} 76. b5 {[%clk 0:33:09]} Kc7 {[%clk 0:14:33]} 77. Kb4
{[%clk 0:33:33]} Kb8 {[%clk 0:13:56]} 78. Kc5 {[%clk 0:33:53]} Kb7
{[%clk 0:14:07]} 79. Kd6 {[%clk 0:33:52]} 1-0

[Event "WCO2014"]
[Site "Tromso"]
[Date "2014.08.12"]
[Round "10.24"]
[WhiteID "5300819"]
[White "Makhlouf Youmna"]
[BlackID "6503349"]
[Black "Ramirez Gonzalez Maria Jose"]
[Result "1-0"]
[LiveChessVersion "1.4.3"]
[BlackElo "1764"]
[WhiteElo "1874"]

1. e4 {[%clk 1:30:58]} e5 {[%clk 1:30:52]} 2. d4 {[%clk 1:31:25]} exd4
{[%clk 1:31:17]} 3. Qxd4 {[%clk 1:31:48]} Nc6 {[%clk 1:31:43]} 4. Qe3
{[%clk 1:32:15]} Nf6 {[%clk 1:32:07]} 5. Bd2 {[%clk 1:32:35]} d6 {[%clk 1:31:35]}
6. Nc3 {[%clk 1:31:55]} Qe7 {[%clk 1:30:05]} 7. O-O-O {[%clk 1:30:27]} g6
{[%clk 1:27:16]} 8. a3 {[%clk 1:29:14]} Bg7 {[%clk 1:27:23]} 9. h3
{[%clk 1:27:40]} a6 {[%clk 1:23:04]} 10. f4 {[%clk 1:23:10]} O-O {[%clk 1:22:04]}
11. Bd3 {[%clk 1:21:00]} b5 {[%clk 1:19:47]} 12. g4 {[%clk 1:09:32]} h6
{[%clk 1:09:19]} 13. Nf3 {[%clk 1:03:23]} Re8 {[%clk 1:07:04]} 14. Qf2
{[%clk 0:57:55]} Bb7 {[%clk 0:47:57]} 15. g5 {[%clk 0:47:22]} hxg5
{[%clk 0:47:31]} 16. Nxg5 {[%clk 0:47:06]} Nh7 {[%clk 0:35:24]} 17. Nd5
{[%clk 0:39:56]} Qd8 {[%clk 0:31:12]} 18. Nxh7 {[%clk 0:36:37]} Kxh7
{[%clk 0:31:40]} 19. Bc3 {[%clk 0:30:32]} Bxc3 {[%clk 0:30:25]} 20. bxc3
{[%clk 0:29:55]} Nb8 {[%clk 0:27:11]} 21. Rhg1 {[%clk 0:26:29]} Bxd5
{[%clk 0:26:17]} 22. exd5 {[%clk 0:26:57]} Qf6 {[%clk 0:24:22]} 23. Kb2
{[%clk 0:26:20]} Nd7 {[%clk 0:24:31]} 24. f5 {[%clk 0:22:28]} Kg7
{[%clk 0:20:05]} 25. Qg3 {[%clk 0:20:57]} Nc5 {[%clk 0:11:53]} 26. fxg6
{[%clk 0:18:39]} Nxd3+ {[%clk 0:11:48]} 27. Rxd3 {[%clk 0:17:43]} fxg6
{[%clk 0:08:00]} 28. Rf3 {[%clk 0:17:46]} Rf8 {[%clk 0:06:33]} 29. Rxf6
{[%clk 0:18:04]} Rxf6 {[%clk 0:07:03]} 30. Re1 {[%clk 0:17:51]} Raf8
{[%clk 0:06:47]} 31. Re7+ {[%clk 0:18:00]} R8f7 {[%clk 0:06:50]} 32. Rxf7+
{[%clk 0:18:26]} Rxf7 {[%clk 0:06:52]} 33. Qg4 {[%clk 0:18:17]} Rf5
{[%clk 0:06:46]} 34. Qe4 {[%clk 0:17:19]} Kf8 {[%clk 0:05:23]} 35. Qe6
{[%clk 0:17:12]} Kg7 {[%clk 0:05:32]} 36. Kb3 {[%clk 0:16:52]} Rf4
{[%clk 0:04:19]} 37. Qd7+ {[%clk 0:16:39]} Rf7 {[%clk 0:04:35]} 38. Qc6
{[%clk 0:16:57]} 1-0

[Event "WCO2014"]
[Site "Tromso"]
[Date "2014.08.12"]
[Round "10.40"]
[WhiteID "200468"]
[White "Goossens Hanne"]
[BlackID "1503260"]
[Black "Skytte Torill"]
[Result "1-0"]
[LiveChessVersion "1.4.3"]
[BlackElo "1991"]
[WhiteElo "2178"]

1. e4 {[%clk 1:30:57]} e6 {[%clk 1:30:54]} 2. d4 {[%clk 1:31:22]} d5
{[%clk 1:31:20]} 3. Nd2 {[%clk 1:31:40]} Be7 {[%clk 1:30:54]} 4. Ngf3
{[%clk 1:30:10]} Nf6 {[%clk 1:30:05]} 5. e5 {[%clk 1:29:21]} Nfd7
{[%clk 1:30:14]} 6. Bd3 {[%clk 1:28:10]} b6 {[%clk 1:28:52]} 7. O-O
{[%clk 1:26:59]} Ba6 {[%clk 1:28:23]} 8. Bxa6 {[%clk 1:25:49]} Nxa6
{[%clk 1:28:47]} 9. Qe2 {[%clk 1:25:27]} Qc8 {[%clk 1:25:14]} 10. Re1
{[%clk 1:20:21]} c5 {[%clk 1:19:26]} 11. Nf1 {[%clk 1:15:37]} cxd4
{[%clk 1:15:11]} 12. Nxd4 {[%clk 1:15:51]} O-O {[%clk 1:10:19]} 13. Qg4
{[%clk 1:12:39]} Re8 {[%clk 1:05:38]} 14. Bh6 {[%clk 1:03:30]} Bf8
{[%clk 1:03:42]} 15. Re3 {[%clk 0:57:50]} g6 {[%clk 0:57:55]} 16. Bxf8
{[%clk 0:50:13]} Nxf8 {[%clk 0:58:16]} 17. Ng3 {[%clk 0:39:42]} Kh8
{[%clk 0:56:24]} 18. Qf4 {[%clk 0:39:03]} Qd7 {[%clk 0:48:15]} 19. Rf3
{[%clk 0:35:36]} Kg8 {[%clk 0:45:03]} 20. Qg5 {[%clk 0:34:06]} Kh8
{[%clk 0:41:43]} 21. Re1 {[%clk 0:27:42]} Rac8 {[%clk 0:39:55]} 22. c3
{[%clk 0:25:04]} Nc5 {[%clk 0:35:52]} 23. Nb5 {[%clk 0:18:57]} Nb7
{[%clk 0:34:50]} 24. Rf4 {[%clk 0:14:37]} Rc4 {[%clk 0:28:06]} 25. Nd4
{[%clk 0:14:06]} Nd8 {[%clk 0:27:04]} 26. Nf1 {[%clk 0:12:58]} Qe7
{[%clk 0:24:46]} 27. Qg3 {[%clk 0:09:57]} Nd7 {[%clk 0:20:36]} 28. Nd2
{[%clk 0:07:14]} Rc5 {[%clk 0:19:25]} 29. Qf3 {[%clk 0:06:54]} Rf8
{[%clk 0:18:09]} 30. Qh3 {[%clk 0:06:09]} Re8 {[%clk 0:12:15]} 31. N2f3
{[%clk 0:05:03]} a6 {[%clk 0:11:01]} 32. Rh4 {[%clk 0:04:31]} Nf8
{[%clk 0:10:28]} 33. Rf4 {[%clk 0:04:20]} Nd7 {[%clk 0:10:47]} 34. Rh4
{[%clk 0:03:51]} Nf8 {[%clk 0:11:12]} 35. Qg4 {[%clk 0:03:55]} Rc7
{[%clk 0:08:06]} 36. Re3 {[%clk 0:03:52]} f5 {[%clk 0:07:57]} 37. exf6
{[%clk 0:03:54]} Qxf6 {[%clk 0:08:17]} 38. Ne5 {[%clk 0:03:33]} Rg7
{[%clk 0:07:05]} 39. Rhh3 {[%clk 0:03:09]} Nd7 {[%clk 0:04:51]} 40. Qe2
{[%clk 0:02:06]} Nxe5 {[%clk 0:02:59]} 41. Rxe5 {[%clk 0:01:48]} Rge7
{[%clk 0:27:50]} 42. Rf3 {[%clk 0:32:39]} Qg7 {[%clk 0:28:09]} 43. Rfe3
{[%clk 0:32:33]} Qf6 {[%clk 0:25:43]} 44. Qxa6 {[%clk 0:28:47]} Nf7
{[%clk 0:25:33]} 45. Rxe6 {[%clk 0:27:21]} Rxe6 {[%clk 0:25:34]} 46. Rxe6
{[%clk 0:27:42]} Rxe6 {[%clk 0:21:37]} 47. Qc8+ {[%clk 0:27:52]} Nd8
{[%clk 0:21:37]} 48. Nxe6 {[%clk 0:28:03]} Qxe6 {[%clk 0:21:15]} 49. Qxd8+
{[%clk 0:28:25]} Kg7 {[%clk 0:21:40]} 50. Qc7+ {[%clk 0:27:22]} Kg8
{[%clk 0:21:17]} 51. Kf1 {[%clk 0:17:15]} Qe4 {[%clk 0:19:00]} 52. Qxb6
{[%clk 0:17:01]} Qb1+ {[%clk 0:18:44]} 53. Ke2 {[%clk 0:17:23]} Qc2+
{[%clk 0:17:33]} 54. Ke3 {[%clk 0:16:50]} Qc1+ {[%clk 0:16:02]} 55. Kd4
{[%clk 0:12:38]} Qd2+ {[%clk 0:15:44]} 56. Ke5 {[%clk 0:13:02]} Qg5+
{[%clk 0:15:34]} 57. Kd6 {[%clk 0:13:22]} Qf4+ {[%clk 0:12:24]} 58. Kxd5
{[%clk 0:13:17]} Qf5+ {[%clk 0:12:41]} 59. Kc4 {[%clk 0:12:59]} Qf7+
{[%clk 0:12:48]} 60. Kb4 {[%clk 0:13:02]} Qf8+ {[%clk 0:11:26]} 61. Kb3
{[%clk 0:11:45]} Qf7+ {[%clk 0:11:02]} 62. c4 {[%clk 0:11:39]} Qd7
{[%clk 0:10:22]} 63. Qb8+ {[%clk 0:11:32]} Kg7 {[%clk 0:10:43]} 64. Qe5+
{[%clk 0:11:51]} Kh6 {[%clk 0:10:54]} 65. Qd5 {[%clk 0:10:18]} Qc7
{[%clk 0:09:37]} 66. Qd2+ {[%clk 0:09:37]} Kg7 {[%clk 0:09:43]} 67. f4
{[%clk 0:09:21]} Qb6+ {[%clk 0:09:45]} 68. Kc2 {[%clk 0:09:25]} Qa6
{[%clk 0:09:31]} 69. Qc3+ {[%clk 0:09:26]} Kg8 {[%clk 0:09:20]} 70. a3
{[%clk 0:08:47]} Qa4+ {[%clk 0:08:50]} 71. Kb1 {[%clk 0:08:37]} Qd1+
{[%clk 0:08:45]} 72. Ka2 {[%clk 0:09:01]} Qg1 {[%clk 0:08:53]} 73. c5
{[%clk 0:08:44]} Kf8 {[%clk 0:08:20]} 74. c6 {[%clk 0:08:42]} Qxg2
{[%clk 0:08:44]} 75. c7 {[%clk 0:08:45]} Qd5+ {[%clk 0:09:08]} 76. Qb3
{[%clk 0:08:47]} Qc6 {[%clk 0:08:58]} 77. Qb8+ {[%clk 0:09:03]} 1-0

[Event "WCO2014"]
[Site "Tromso"]
[Date "2014.08.12"]
[Round "10.39"]
[WhiteID "1511599"]
[White "Kyrkjebo Hanna B."]
[BlackID "14104946"]
[Black "Morozova Iuliia"]
[Result "0-1"]
[LiveChessVersion "1.4.3"]
[BlackElo "2060"]
[WhiteElo "1756"]

1. e4 {[%clk 1:31:29]} c5 {[%clk 1:30:21]} 2. Nc3 {[%clk 1:31:54]} e6
{[%clk 1:30:38]} 3. g3 {[%clk 1:31:46]} Ne7 {[%clk 1:29:49]} 4. Bg2
{[%clk 1:32:09]} Nbc6 {[%clk 1:30:01]} 5. d3 {[%clk 1:32:27]} g6 {[%clk 1:30:09]}
6. Be3 {[%clk 1:32:41]} Nd4 {[%clk 1:25:06]} 7. Nce2 {[%clk 1:29:40]} Bg7
{[%clk 1:22:05]} 8. c3 {[%clk 1:29:49]} Nxe2 {[%clk 1:21:57]} 9. Nxe2
{[%clk 1:30:12]} d6 {[%clk 1:19:16]} 10. Qd2 {[%clk 1:29:59]} Bd7
{[%clk 1:15:57]} 11. Bh6 {[%clk 1:27:43]} Bxh6 {[%clk 1:15:47]} 12. Qxh6
{[%clk 1:27:58]} Qb6 {[%clk 1:15:37]} 13. Qd2 {[%clk 1:26:14]} e5
{[%clk 1:11:33]} 14. O-O {[%clk 1:26:21]} O-O-O {[%clk 1:08:06]} 15. b4
{[%clk 1:21:57]} Bg4 {[%clk 1:07:35]} 16. Rfb1 {[%clk 1:15:51]} Qc7
{[%clk 1:05:23]} 17. bxc5 {[%clk 1:06:41]} dxc5 {[%clk 1:05:29]} 18. h3
{[%clk 0:58:14]} Be6 {[%clk 1:03:34]} 19. d4 {[%clk 0:50:02]} Bc4
{[%clk 1:02:52]} 20. d5 {[%clk 0:48:37]} f5 {[%clk 0:52:29]} 21. f3
{[%clk 0:45:19]} h5 {[%clk 0:43:58]} 22. Rb2 {[%clk 0:28:28]} h4 {[%clk 0:44:00]}
23. g4 {[%clk 0:27:47]} Ba6 {[%clk 0:35:22]} 24. Kh2 {[%clk 0:22:54]} fxe4
{[%clk 0:31:42]} 25. fxe4 {[%clk 0:22:49]} Rhf8 {[%clk 0:31:26]} 26. Ng1
{[%clk 0:19:16]} Rf4 {[%clk 0:26:18]} 27. Rd1 {[%clk 0:16:05]} Qd6
{[%clk 0:26:01]} 28. Qc1 {[%clk 0:15:04]} Kc7 {[%clk 0:19:37]} 29. c4
{[%clk 0:14:55]} Nc6 {[%clk 0:16:11]} 30. Rf1 {[%clk 0:12:18]} Rxf1
{[%clk 0:13:40]} 31. Qxf1 {[%clk 0:12:15]} Rf8 {[%clk 0:12:20]} 32. Qd3
{[%clk 0:11:38]} Nd4 {[%clk 0:10:52]} 33. Qc3 {[%clk 0:08:51]} Kc8
{[%clk 0:09:01]} 34. Qc1 {[%clk 0:05:29]} Qf6 {[%clk 0:05:25]} 35. Kh1
{[%clk 0:03:53]} g5 {[%clk 0:05:09]} 36. Ne2 {[%clk 0:02:29]} Nxe2
{[%clk 0:02:44]} 37. Rxe2 {[%clk 0:02:49]} Qf4 {[%clk 0:03:08]} 38. Qc2
{[%clk 0:00:47]} Qf6 {[%clk 0:02:40]} 39. Kg1 {[%clk 0:00:45]} Qd6
{[%clk 0:02:17]} 40. Qc3 {[%clk 0:00:46]} Rf4 {[%clk 0:02:21]} 41. Rc2
{[%clk 0:27:50]} Kd7 {[%clk 0:31:21]} 42. Qe1 {[%clk 0:24:10]} Ke7
{[%clk 0:26:27]} 43. Qc1 {[%clk 0:21:39]} Kf7 {[%clk 0:26:39]} 44. Rf2
{[%clk 0:19:40]} Rxf2 {[%clk 0:22:50]} 45. Kxf2 {[%clk 0:20:02]} Qf6+
{[%clk 0:21:10]} 46. Bf3 {[%clk 0:20:04]} Qf4 {[%clk 0:19:57]} 47. Qxf4+
{[%clk 0:19:06]} exf4 {[%clk 0:19:44]} 48. Be2 {[%clk 0:08:38]} Kf6
{[%clk 0:20:02]} 49. Kf3 {[%clk 0:08:40]} Ke5 {[%clk 0:20:12]} 50. Bf1
{[%clk 0:07:58]} b6 {[%clk 0:20:15]} 51. Be2 {[%clk 0:06:49]} Bc8
{[%clk 0:20:22]} 52. Bf1 {[%clk 0:04:37]} Bd7 {[%clk 0:20:45]} 53. Bd3
{[%clk 0:03:46]} Kd4 {[%clk 0:20:17]} 54. Bf1 {[%clk 0:03:05]} Be8
{[%clk 0:20:11]} 55. Bg2 {[%clk 0:00:47]} Kxc4 {[%clk 0:19:30]} 56. Ke2
{[%clk 0:01:05]} Kd4 {[%clk 0:19:33]} 57. Kd2 {[%clk 0:01:27]} c4
{[%clk 0:18:44]} 58. Kc2 {[%clk 0:01:45]} a5 {[%clk 0:17:45]} 59. Kd2
{[%clk 0:01:55]} b5 {[%clk 0:17:13]} 60. a3 {[%clk 0:01:44]} b4 {[%clk 0:17:11]}
61. axb4 {[%clk 0:01:54]} axb4 {[%clk 0:16:42]} 62. Kc2 {[%clk 0:02:13]} Ba4+
{[%clk 0:16:59]} 63. Kb2 {[%clk 0:02:10]} c3+ {[%clk 0:17:02]} 64. Kc1
{[%clk 0:02:29]} b3 {[%clk 0:16:31]} 65. Kb1 {[%clk 0:02:37]} Kd3
{[%clk 0:16:16]} 66. e5 {[%clk 0:01:10]} Kd2 {[%clk 0:16:08]} 67. e6
{[%clk 0:01:14]} c2+ {[%clk 0:16:26]} 68. Kb2 {[%clk 0:01:40]} c1=Q# 0-1

[Event "WCO2014"]
[Site "Tromso"]
[Date "2014.08.12"]
[Round "10.38"]
[WhiteID "207977"]
[White "Barbier Wiebke"]
[BlackID "1511602"]
[Black "Kyrkjebo Marte B."]
[Result "1-0"]
[LiveChessVersion "1.4.3"]
[BlackElo "1732"]
[WhiteElo "1944"]

1. e4 {[%clk 1:30:36]} e5 {[%clk 1:30:58]} 2. Nf3 {[%clk 1:31:01]} Nc6
{[%clk 1:31:26]} 3. Bc4 {[%clk 1:31:25]} Bc5 {[%clk 1:31:44]} 4. c3
{[%clk 1:31:21]} Nf6 {[%clk 1:32:01]} 5. d3 {[%clk 1:31:46]} d6 {[%clk 1:32:15]}
6. Bb3 {[%clk 1:32:00]} a6 {[%clk 1:31:23]} 7. Bg5 {[%clk 1:31:26]} h6
{[%clk 1:30:18]} 8. Bh4 {[%clk 1:31:42]} Ba7 {[%clk 1:26:43]} 9. Nbd2
{[%clk 1:30:46]} O-O {[%clk 1:23:52]} 10. Nf1 {[%clk 1:27:05]} Be6
{[%clk 1:14:34]} 11. Ng3 {[%clk 1:25:26]} g6 {[%clk 0:56:21]} 12. h3
{[%clk 1:04:07]} Qe7 {[%clk 0:50:24]} 13. Qd2 {[%clk 0:59:25]} Kg7
{[%clk 0:48:53]} 14. O-O {[%clk 0:43:29]} Bxb3 {[%clk 0:44:28]} 15. axb3
{[%clk 0:43:50]} Qe6 {[%clk 0:43:39]} 16. Nh2 {[%clk 0:36:56]} Rh8
{[%clk 0:37:18]} 17. Kh1 {[%clk 0:36:18]} Nd7 {[%clk 0:29:15]} 18. b4
{[%clk 0:22:27]} g5 {[%clk 0:22:19]} 19. Nf5+ {[%clk 0:20:06]} Kf8
{[%clk 0:20:59]} 20. Bg3 {[%clk 0:19:52]} Ne7 {[%clk 0:18:34]} 21. Ne3
{[%clk 0:19:01]} Ng6 {[%clk 0:17:25]} 22. Nd5 {[%clk 0:17:38]} Bb6
{[%clk 0:15:33]} 23. f3 {[%clk 0:11:31]} c6 {[%clk 0:14:16]} 24. Nxb6
{[%clk 0:10:55]} Nxb6 {[%clk 0:14:46]} 25. d4 {[%clk 0:09:43]} Kg7
{[%clk 0:12:50]} 26. Rad1 {[%clk 0:09:15]} Qe7 {[%clk 0:11:56]} 27. Ng4
{[%clk 0:07:48]} h5 {[%clk 0:11:11]} 28. Ne3 {[%clk 0:08:12]} Qf6
{[%clk 0:10:02]} 29. Nf5+ {[%clk 0:08:15]} Kg8 {[%clk 0:06:34]} 30. dxe5
{[%clk 0:07:26]} dxe5 {[%clk 0:06:03]} 31. Qd6 {[%clk 0:06:53]} Qxd6
{[%clk 0:05:37]} 32. Nxd6 {[%clk 0:07:03]} Rb8 {[%clk 0:05:15]} 33. Bf2
{[%clk 0:06:45]} Nc8 {[%clk 0:05:08]} 34. Nc4 {[%clk 0:06:30]} Nce7
{[%clk 0:03:47]} 35. Rd7 {[%clk 0:06:25]} Nc8 {[%clk 0:01:37]} 36. Na5
{[%clk 0:05:54]} Kg7 {[%clk 0:01:06]} 37. Rfd1 {[%clk 0:05:47]} g4
{[%clk 0:00:56]} 38. Rxb7 {[%clk 0:05:54]} Rxb7 {[%clk 0:00:55]} 39. Nxb7
{[%clk 0:06:20]} gxh3 {[%clk 0:00:43]} 40. gxh3 {[%clk 0:06:42]} Nce7
{[%clk 0:00:48]} 41. Nc5 {[%clk 0:06:41]} Nf4 {[%clk 0:24:43]} 42. Kh2
{[%clk 0:36:48]} Ra8 {[%clk 0:23:10]} 43. Be3 {[%clk 0:32:57]} Nfg6
{[%clk 0:17:58]} 44. Ra1 {[%clk 0:29:55]} Rd8 {[%clk 0:13:47]} 45. Nxa6
{[%clk 0:28:58]} Rd3 {[%clk 0:12:05]} 46. Re1 {[%clk 0:28:55]} f5
{[%clk 0:11:18]} 47. Nc5 {[%clk 0:29:01]} Rd6 {[%clk 0:10:49]} 48. Re2
{[%clk 0:26:27]} f4 {[%clk 0:09:17]} 49. Bf2 {[%clk 0:26:38]} Rd1
{[%clk 0:08:36]} 50. Kg2 {[%clk 0:26:00]} Ng8 {[%clk 0:07:01]} 51. Nb3
{[%clk 0:25:35]} Nf6 {[%clk 0:05:58]} 52. Na5 {[%clk 0:23:06]} Ne7
{[%clk 0:03:07]} 53. c4 {[%clk 0:22:06]} Ra1 {[%clk 0:02:16]} 54. Rd2
{[%clk 0:21:18]} Kf7 {[%clk 0:01:52]} 55. Bc5 {[%clk 0:18:44]} Nfg8
{[%clk 0:00:51]} 56. Nb7 {[%clk 0:17:58]} Ng6 {[%clk 0:00:46]} 57. Nd6+
{[%clk 0:18:17]} Ke6 {[%clk 0:00:44]} 58. Nf5 {[%clk 0:18:35]} N8e7
{[%clk 0:00:45]} 59. Ng7+ {[%clk 0:15:15]} Kf7 {[%clk 0:00:43]} 60. Nxh5
{[%clk 0:15:41]} Nh4+ {[%clk 0:00:53]} 61. Kf2 {[%clk 0:15:42]} Rh1
{[%clk 0:00:46]} 62. Rd7 {[%clk 0:15:41]} Nhg6 {[%clk 0:00:49]} 63. Kg2
{[%clk 0:11:45]} Rb1 {[%clk 0:00:59]} 64. Rd2 {[%clk 0:08:39]} Nh4+
{[%clk 0:00:59]} 65. Kf2 {[%clk 0:09:05]} Rh1 {[%clk 0:01:01]} 66. Rd7
{[%clk 0:09:32]} Nhg6 {[%clk 0:00:46]} 67. Bxe7 {[%clk 0:09:17]} Nxe7
{[%clk 0:00:44]} 68. Ng7 {[%clk 0:07:49]} Kxg7 {[%clk 0:00:40]} 69. Rxe7+
{[%clk 0:08:16]} Kf6 {[%clk 0:00:52]} 70. Rc7 {[%clk 0:08:19]} Rxh3
{[%clk 0:00:48]} 71. Rxc6+ {[%clk 0:08:46]} Ke7 {[%clk 0:01:06]} 72. Kg2
{[%clk 0:09:09]} Rg3+ {[%clk 0:01:14]} 73. Kf2 {[%clk 0:09:34]} Rh3
{[%clk 0:01:17]} 74. b5 {[%clk 0:09:28]} Rh2+ {[%clk 0:01:27]} 75. Ke1
{[%clk 0:09:55]} Rxb2 {[%clk 0:01:34]} 76. b6 {[%clk 0:10:21]} Kd8
{[%clk 0:01:27]} 77. c5 {[%clk 0:10:44]} Rb5 {[%clk 0:01:22]} 78. Kd2
{[%clk 0:10:30]} Rb3 {[%clk 0:01:17]} 79. Rd6+ {[%clk 0:10:00]} Kc8
{[%clk 0:01:22]} 80. Rd3 {[%clk 0:10:11]} Rb5 {[%clk 0:01:31]} 81. Rd5
{[%clk 0:10:28]} Rb3 {[%clk 0:01:41]} 82. Ke2 {[%clk 0:10:45]} Rb2+
{[%clk 0:01:46]} 83. Kf1 {[%clk 0:11:12]} Rb3 {[%clk 0:01:58]} 84. Kg2
{[%clk 0:11:38]} Rb2+ {[%clk 0:01:52]} 85. Kh3 {[%clk 0:12:02]} Rb3
{[%clk 0:02:05]} 86. Kg4 {[%clk 0:12:29]} Kb7 {[%clk 0:02:10]} 87. Rxe5
{[%clk 0:12:54]} Kc6 {[%clk 0:02:28]} 88. Kxf4 {[%clk 0:13:19]} Rb5
{[%clk 0:02:30]} 89. Kg5 {[%clk 0:13:36]} Rb1 {[%clk 0:02:14]} 90. f4
{[%clk 0:14:02]} Rg1+ {[%clk 0:02:21]} 91. Kf6 {[%clk 0:14:28]} Rg2
{[%clk 0:01:59]} 92. f5 {[%clk 0:14:54]} Rh2 {[%clk 0:01:34]} 93. Ke6
{[%clk 0:15:03]} Rf2 {[%clk 0:01:02]} 94. f6 {[%clk 0:15:29]} 1-0